LIBRARY & INFORMATION CENTRE, KCAET, TAVANUR

ONLINE PUBLIC ACCESS CATALOGUE (OPAC)

Manual for Organic Farming (Record no. 15689)

MARC details
000 -LEADER
fixed length control field 00362nam a22001457a 4500
003 - CONTROL NUMBER IDENTIFIER
control field OSt
008 - FIXED-LENGTH DATA ELEMENTS--GENERAL INFORMATION
fixed length control field 190528b ||||| |||| 00| 0 eng d
020 ## - INTERNATIONAL STANDARD BOOK NUMBER
ISBN 9788177545333
082 ## - DEWEY DECIMAL CLASSIFICATION NUMBER
Classification number 631.584
Item number HAJ/MA
100 ## - MAIN ENTRY--AUTHOR NAME
Personal name Hajra, Nikhil Ghosh.
245 ## - TITLE STATEMENT
Title Manual for Organic Farming
260 ## - PUBLICATION, DISTRIBUTION, ETC. (IMPRINT)
Place of publication Jodhpur
Name of publisher Agrobios (India)
Year of publication 2014
300 ## - PHYSICAL DESCRIPTION
Number of Pages 271 p.
942 ## - ADDED ENTRY ELEMENTS (KOHA)
Koha item type Books
Holdings
Withdrawn status Lost status Damaged status Collection code Home library Current library Shelving location Date acquired Cost, normal purchase price Full call number Accession Number Koha item type
      Non-fiction KAUAET KAUAET General Stacks 28/05/2019 1500.00 631.584 HAJ/MA 25900 Books
free website counter